Taylor Swift - Robin Lyrics - Statistics

General Stats
  • This quiz has been taken 99 times
  • The average score is 142 of 179
Answer Stats
Answer % Correct
a
100%
an
100%
to
100%
To
100%
go
97%
and
94%
And
94%
tiger
94%
tiger)
94%
Way
94%
(Way
94%
you
94%
You
94%
(You
94%
your
91%
You're
91%
Higher
89%
higher
89%
(Higher
89%
higher)
89%
in
89%
In
89%
no
89%
have
86%
animal
83%
for
83%
For
83%
idea
80%
idea)
80%
it
80%
we
80%
are
77%
on
77%
The
77%
the
77%
Wilder
77%
All
74%
all
74%
just
74%
like
74%
Long
74%
may
74%
of
74%
regrets
74%
room
74%
At
71%
from
71%
keep
71%
lighter
71%
reign
71%
sweetness
71%
bloodthirsty
69%
mean
69%
Out
69%
out
69%
roar
69%
time
69%
arrive
66%
back
66%
bounce
66%
But
66%
Covered
66%
cruel
66%
curiosity
66%
down
66%
dreams
66%
favorite
66%
got
66%
mud
66%
nonsense
66%
now
66%
ruler
66%
secret
66%
set
66%
spot
66%
talking
66%
trampoline
66%
will
66%
You'll
66%
look
63%
swing
63%
utter
63%
vowed
63%
window
63%
Buried
60%
deep
60%
dragonflies
60%
learn
60%
tied
60%
above
57%
bed
57%
reach
57%
ridiculous
57%
showmanship
57%
Strings
57%
we'll
57%
dinosaurs
54%
levers
54%
panes
54%
this
54%
clocks
51%
curtail
51%
tethered
49%
Slowed
46%
No matching quizzes found
Score Distribution
Percent of People with Each Score
Percentile by Number Answered
Your Score History
You have not taken this quiz